00555 2200217 4500001002100000005001500021035002000036245004400056100001000100250001400110260004500124300002800169020001800197084001800215084001800233082000800251650001300259008004100272990001200313990001200325INLIS00000000000846020230619115648 a0010-01230000011 aHijrah ke London? siapa takut? /cM.A.H aM.A.H aCetakan 1 aYogyakarta :bStiletto Indie Book,c2019 av, 92 halaman ;c19 cm. a9786023369010 a910 MAH h C.1 a910 M.A h C.2 a910 4aGeografi230619 g 0 ind  a022.789 a022.790